| 000 | 00533cam a2200217ua 4500 | ||
|---|---|---|---|
| 001 | 10977 | ||
| 008 | 190730n ii |||gr||||Z||||||asm | ||
| 020 | _a9789387956728 | ||
| 040 | _cMAIN | ||
| 041 | _aasm | ||
| 082 | _a398 | ||
| 245 |
_aLok paribeshya kala _cEd. by Arabinda Rajkhowa |
||
| 250 | _a1st ed. | ||
| 260 |
_aDibrugarh: _bBanalata, _c2019. |
||
| 300 | _a208p. | ||
| 653 | _aFolklore | ||
| 653 | _aPerforming arts | ||
| 700 |
_aArabinda Rajkhowa, _eEditor. |
||
| 700 |
_aChandan Jyoti Chutia, _eEditor. |
||
| 942 | _cBK | ||
| 999 |
_c9890 _d9890 |
||